00633nam a2200169Ia 4500008004100000082001500041100004500056245010400101260003900205300001000244520001100254650002800265700003600293942001300329999001900342952010200361230907s9999||||xx |||||||||||||| ||und|| a621.3bWAL aHafiz Waleed Ahmad (00000205863)9116482 0aIntegrated DER Planning and Scheduling of Smart Distribution System through Two Stage Methodology / aUSPCAS-E, NUST,bIslamabad :c2019 a82 p. aTH-183 aMS-EEP Thesis MS Thesis aDr Syed Ali Abbas Kazmi9117439 cTHE2ddc c601862d601862 00102ddc4070aCAS-EbCAS-Ed2020-02-25o621.3 WALpCAS-ETH0000183r2023-09-12w2023-09-12yTHE